[Event "Moscow-Open 2021_B"]
[Site "Moscow"]
[Date "2021.02.21"]
[Round "2.25"]
[White "Porozhnyak, Maya"]
[Black "Ponomareva, Varvara"]
[Result "1-0"]
[WhiteElo "1976"]
[BlackElo "1663"]
[PlyCount "123"]
[EventDate "2021.02.20"]

1. e4 e6 2. d4 d5 3. Nc3 Bb4 4. e5 c5 5. a3 Bxc3+ 6. bxc3 Qa5 7. Bd2 Qa4 8. Qb1
c4 9. f4 Ne7 10. Be2 Nbc6 11. g4 Bd7 12. Bf3 O-O-O 13. Ne2 f6 14. Ng3 Rdf8 15.
Ke2 fxe5 16. fxe5 Be8 17. h4 Bg6 18. Ra2 h6 19. Rf1 Kc7 20. Be3 Qa5 21. Kd2 Nc8
22. a4 Rf7 23. h5 Bh7 24. Bg2 Rhf8 25. Rxf7+ Rxf7 26. Ne2 Kb8 27. Qb5 Qd8 28.
Rb2 Ka8 29. Rb1 Qh4 30. Rg1 a6 31. Qb1 Ka7 32. g5 Qxh5 33. g6 Bxg6 34. Nf4 Rxf4
35. Bxf4 Na5 36. Qd1 Qf5 37. Rf1 Bh5 38. Qe1 Nb3+ 39. cxb3 Qd3+ 40. Kc1 Bg6 41.
Kb2 Qc2+ 42. Ka1 cxb3 43. Qb1 Qxc3+ 44. Qb2 Qb4 45. Bc1 Nb6 46. Qa3 Qxd4+ 47.
Bb2 Qd3 48. Qc5 Qc4 49. Qd4 Bf5 50. a5 Qa4+ 51. Qxa4 Nxa4 52. Bd4+ b6 53. axb6+
Nxb6 54. Bxd5 a5 55. Bxb3 Kb7 56. Rg1 g6 57. Bxb6 a4 58. Ba2 a3 59. Be3 h5 60.
Bg5 Bg4 61. Rc1 Bf5 62. Rd1 1-0

[Event "Moscow-Open 2021_B"]
[Site "Moscow"]
[Date "2021.02.21"]
[Round "2.26"]
[White "Kvachko, Anastasiya"]
[Black "Alekseenko, Mariya"]
[Result "1/2-1/2"]
[WhiteElo "1882"]
[BlackElo "1656"]
[PlyCount "114"]
[EventDate "2021.02.20"]

1. e4 c5 2. c3 d5 3. exd5 Qxd5 4. d4 Nf6 5. Na3 e6 6. Nf3 Be7 7. Bc4 Qd8 8. Bf4
O-O 9. Nb5 Na6 10. O-O Bd7 11. Qe2 Bc6 12. Rad1 Qb6 13. dxc5 Qxc5 14. Nbd4 Bd5
15. Bxa6 bxa6 16. b3 Qxc3 17. Qxa6 Bxf3 18. Nxf3 Nd5 19. Be5 Qc8 20. Qd3 Rd8
21. Rc1 Qb7 22. Qe4 Rd7 23. Bb2 Nb4 24. Qg4 Bf8 25. Ne5 Rd5 26. Rc4 Rad8 27. a3
Nd3 28. Nxd3 Rxd3 29. b4 Qd5 30. Rc5 h5 31. Rxd5 hxg4 32. Ra5 R8d7 33. Be5 R3d5
34. Rxd5 Rxd5 35. Bc7 Be7 36. g3 Rd3 37. Ra1 Rb3 38. Ra2 Bf6 39. Bd6 Bb2 40. a4
e5 41. b5 f5 42. Bc5 Bd4 43. Rc2 Kf7 44. Kf1 Ke6 45. Bxd4 exd4 46. Rc5 Ra3 47.
Ke2 Rxa4 48. Kd3 Rb4 49. Rc7 Rxb5 50. Rxa7 Rb2 51. Rxg7 Rxf2 52. Rh7 Ke5 53.
Re7+ Kf6 54. Rh7 f4 55. gxf4 Rxf4 56. Rh5 Kg6 57. Rh4 Kg5 1/2-1/2

[Event "Moscow-Open 2021_B"]
[Site "Moscow"]
[Date "2021.02.21"]
[Round "2.27"]
[White "Shenker, Angelina"]
[Black "Salakhova, Adelya"]
[Result "1-0"]
[WhiteElo "1652"]
[BlackElo "1875"]
[PlyCount "61"]
[EventDate "2021.02.20"]

1. d4 d5 2. c4 e6 3. Nf3 Nf6 4. g3 dxc4 5. Bg2 Bb4+ 6. Bd2 a5 7. O-O O-O 8. Qc2
b5 9. a4 bxa4 10. Rxa4 Nc6 11. Qxc4 Qe8 12. Rc1 Bd7 13. Ra1 Rb8 14. Nc3 Nd5 15.
e4 Nb6 16. Qd3 Ne7 17. Ne5 Bc8 18. Ne2 c5 19. dxc5 Na4 20. Bxb4 Nxb2 21. Qc3
Na4 22. Qc2 Rxb4 23. Nd3 Bd7 24. Nxb4 axb4 25. Qb3 Qa8 26. c6 Bxc6 27. Qxb4 Rb8
28. Qxe7 Rb2 29. Nd4 Be8 30. e5 Qb8 31. Bc6 1-0

[Event "Moscow-Open 2021_B"]
[Site "Moscow"]
[Date "2021.02.21"]
[Round "2.28"]
[White "Mikheeva, Galina"]
[Black "Shevtsova, Stefania"]
[Result "0-1"]
[WhiteElo "1873"]
[BlackElo "1654"]
[PlyCount "96"]
[EventDate "2021.02.20"]

1. e4 c6 2. d4 d5 3. e5 Bf5 4. h4 h5 5. Bd3 Bxd3 6. Qxd3 e6 7. Nf3 Be7 8. Nbd2
Nh6 9. c4 Nf5 10. g3 dxc4 11. Qxc4 Nd7 12. O-O Nb6 13. Qd3 Nd5 14. a3 g5 15.
Nxg5 Bxg5 16. hxg5 Qxg5 17. Qe4 h4 18. Nf3 Qg7 19. g4 h3 20. Kh2 Nh6 21. Bxh6
Rxh6 22. Rg1 O-O-O 23. g5 Rh5 24. Rg4 Qg6 25. Rag1 Rdh8 26. Nd2 Ne7 27. Qxg6
fxg6 28. Ne4 Rd8 29. Nc5 Rf8 30. Rf1 Nd5 31. Nxe6 Rf7 32. Kg3 Ne3 33. Rh1 Nxg4
34. Kxg4 Rxf2 35. Nf4 Rh7 36. Kg3 Rxb2 37. Rxh3 Rb3+ 38. Kg4 Rhxh3 39. Nxh3
Rxa3 40. Nf4 Ra4 41. Nxg6 Rxd4+ 42. Kf5 a5 43. Kf6 a4 44. e6 a3 45. Ne7+ Kc7
46. g6 a2 47. g7 a1=Q 48. g8=Q Rd8+ 0-1

[Event "Moscow-Open 2021_B"]
[Site "Moscow"]
[Date "2021.02.21"]
[Round "2.29"]
[White "Barkasheva, Sofia"]
[Black "Voskresenskaya, Marta"]
[Result "0-1"]
[WhiteElo "1634"]
[BlackElo "1853"]
[PlyCount "70"]
[EventDate "2021.02.20"]

1. e4 c6 2. Nc3 d5 3. Nf3 e6 4. d3 Nd7 5. Be2 Bd6 6. O-O Ne7 7. Be3 O-O 8. Nd2
e5 9. exd5 cxd5 10. d4 e4 11. Nb5 Bb8 12. c4 a6 13. Nc3 dxc4 14. Bxc4 Nf6 15.
Bg5 Qxd4 16. Bxf6 Qxf6 17. Ndxe4 Qh6 18. Ng3 Kh8 19. Re1 Ng6 20. Nd5 Ne5 21.
Bb3 b5 22. Rc1 Ra7 23. Qd4 Rd7 24. Qc5 Rdd8 25. Red1 Bg4 26. f3 Bxf3 27. Rf1
Bg4 28. Bc2 Be6 29. Nf4 Ng4 30. Nh3 Bd6 31. Qb6 Nxh2 32. Rcd1 Bxh3 33. gxh3
Qxh3 34. Qf2 Nf3+ 35. Qxf3 Bc5+ 0-1

[Event "Moscow-Open 2021_B"]
[Site "Moscow"]
[Date "2021.02.21"]
[Round "2.30"]
[White "Zaitseva, Lyudmila"]
[Black "Yusupova, Elina"]
[Result "1-0"]
[WhiteElo "1852"]
[BlackElo "1575"]
[PlyCount "69"]
[EventDate "2021.02.20"]

1. d4 d6 2. e4 Nf6 3. Nc3 g6 4. f4 Bg7 5. Nf3 O-O 6. Bd3 c5 7. dxc5 dxc5 8. e5
Nd5 9. Nxd5 Qxd5 10. Qe2 Nc6 11. Be4 Qd7 12. Be3 b6 13. Rd1 Qc7 14. b4 cxb4 15.
Qc4 Bb7 16. e6 Rad8 17. exf7+ Kh8 18. O-O Rc8 19. Ng5 Nd8 20. Qxc7 Rxc7 21.
Bxb7 Rxb7 22. f5 gxf5 23. Rxf5 e6 24. Rxd8 Rxd8 25. Nxe6 Rd1+ 26. Kf2 Rb8 27.
Rg5 Bh6 28. Rg3 Bxe3+ 29. Rxe3 Rd7 30. Rf3 Rxf7 31. Rxf7 a6 32. Rf8+ Rxf8+ 33.
Nxf8 Kg7 34. Nd7 b5 35. Ne5 1-0

[Event "Moscow-Open 2021_B"]
[Site "Moscow"]
[Date "2021.02.21"]
[Round "2.31"]
[White "Ivanova, Anastasia S."]
[Black "Tsamalaidze, Liana"]
[Result "1-0"]
[WhiteElo "1830"]
[BlackElo "1446"]
[PlyCount "83"]
[EventDate "2021.02.20"]

1. d4 Nf6 2. c4 g6 3. Nc3 Bg7 4. e4 d6 5. Nf3 O-O 6. Be2 e5 7. O-O Nc6 8. d5
Ne7 9. Ne1 Nd7 10. Be3 f5 11. f3 f4 12. Bf2 a5 13. a3 b6 14. b4 Bb7 15. Nd3 g5
16. c5 axb4 17. axb4 bxc5 18. bxc5 Rxa1 19. Qxa1 Nf6 20. Nb5 Bc8 21. Qa5 Ne8
22. cxd6 Nxd6 23. Nxc7 g4 24. Rc1 Ng6 25. Qb4 Bh6 26. Rc6 gxf3 27. Bxf3 Nf7 28.
Bc5 Ng5 29. Bxf8 Nxf3+ 30. gxf3 Qg5+ 31. Kh1 Bxf8 32. Qe1 Qh5 33. Qf2 Nh4 34.
Ne6 Bd7 35. Rc7 Bxe6 36. dxe6 Nxf3 37. e7 Bxe7 38. Rxe7 Kf8 39. Ra7 Nd4 40. Ne1
Qd1 41. Qh4 Nc6 42. Qf6+ 1-0

[Event "Moscow-Open 2021_B"]
[Site "Moscow"]
[Date "2021.02.21"]
[Round "2.32"]
[White "Baiburina, Kamilla"]
[Black "Novikova, Daria"]
[Result "1-0"]
[WhiteElo "1829"]
[BlackElo "1430"]
[PlyCount "107"]
[EventDate "2021.02.20"]

1. c4 c6 2. g3 d5 3. Nf3 Nf6 4. Bg2 Bf5 5. cxd5 cxd5 6. Qb3 Qb6 7. Qxb6 axb6 8.
Nc3 e6 9. O-O Nc6 10. d3 Bd6 11. Rd1 Bg4 12. h3 Bxf3 13. Bxf3 Nd4 14. Bg2 Bb4
15. Kf1 Nd7 16. Rb1 Nc2 17. Bd2 O-O 18. a3 Bc5 19. e3 d4 20. Ne4 dxe3 21. Nxc5
e2+ 22. Kxe2 Nxc5 23. Bc3 e5 24. Bxe5 Rfe8 25. Kd2 Rxe5 26. Kxc2 Re2+ 27. Rd2
Rxd2+ 28. Kxd2 Rd8 29. Bf1 Nb3+ 30. Kc3 Nd4 31. Rd1 f5 32. Re1 Kf7 33. Bg2 Nc6
34. Rd1 Rc8 35. d4 Ke7 36. d5 Ne5+ 37. Kd4 Kd6 38. f4 Rc4+ 39. Ke3 Nd7 40. Kd3
b5 41. b4 Nf6 42. Re1 Rc8 43. Re6+ Kd7 44. Rb6 Ra8 45. Rxb7+ Kd6 46. Rb6+ Kd7
47. Rb7+ Kd6 48. Kd4 Nd7 49. g4 g6 50. Rxb5 Rxa3 51. Ra5 Rg3 52. Ra6+ Ke7 53.
d6+ Kf8 54. Bc6 1-0

[Event "Moscow-Open 2021_B"]
[Site "Moscow"]
[Date "2021.02.21"]
[Round "2.33"]
[White "Lyutsinger, Iren"]
[Black "Zavivaeva, Emilia"]
[Result "1-0"]
[WhiteElo "1415"]
[BlackElo "1826"]
[PlyCount "51"]
[EventDate "2021.02.20"]

1. e4 c5 2. Nc3 Nc6 3. g3 g6 4. Bg2 Bg7 5. d3 a6 6. f4 d6 7. Nf3 Nf6 8. O-O O-O
9. h3 e5 10. Be3 Nh5 11. Kh2 exf4 12. gxf4 f5 13. Qd2 Nd4 14. Rab1 Be6 15. a3
Rc8 16. Ne2 Nxe2 17. Qxe2 fxe4 18. dxe4 Nxf4 19. Qd2 Bh6 20. Rbd1 Rc6 21. Ne5
Qh4 22. Nxc6 Bxh3 23. Ne7+ Kh8 24. Bxf4 Rxf4 25. Qc3+ Bg7 26. Qxh3 1-0

[Event "Moscow-Open 2021_B"]
[Site "Moscow"]
[Date "2021.02.21"]
[Round "2.34"]
[White "Bubeeva, Larisa"]
[Black "Khamnueva, Mariya"]
[Result "1-0"]
[WhiteElo "1810"]
[BlackElo "1426"]
[PlyCount "113"]
[EventDate "2021.02.20"]

1. d4 f5 2. c4 e6 3. Nf3 Nf6 4. e3 d5 5. b3 c6 6. Bd3 Bb4+ 7. Bd2 Bd6 8. Nc3
O-O 9. c5 Bc7 10. b4 Nbd7 11. O-O Ne4 12. Ne1 Qh4 13. f4 Nxc3 14. Bxc3 Nf6 15.
Nf3 Qh6 16. Qe2 Bd7 17. a4 Be8 18. Ne5 Bxe5 19. dxe5 Ne4 20. Bd4 Qg6 21. b5 h5
22. Rfb1 h4 23. h3 Qf7 24. a5 Qe7 25. Qc2 cxb5 26. Bxb5 Bxb5 27. Rxb5 Rac8 28.
Rab1 Rc7 29. Qb2 Nxc5 30. Bxc5 Rxc5 31. Rxb7 Rc7 32. a6 Rxb7 33. axb7 Rb8 34.
Qb5 Kh7 35. Qc6 Qa3 36. Qc7 Qxe3+ 37. Kh1 Qe4 38. Rg1 Rxb7 39. Qxb7 Qxf4 40.
Qe7 Qxe5 41. Qxh4+ Kg6 42. Re1 Qf6 43. Qxf6+ Kxf6 44. g3 e5 45. Kg2 e4 46. Kf2
d4 47. h4 Ke5 48. Ra1 f4 49. Ra5+ Ke6 50. gxf4 g6 51. Re5+ Kf6 52. Rxe4 d3 53.
Ke3 Kf5 54. Kxd3 Kg4 55. Ra4 Kxh4 56. Rxa7 Kg4 57. Ke4 1-0

[Event "Moscow-Open 2021_B"]
[Site "Moscow"]
[Date "2021.02.21"]
[Round "2.35"]
[White "Gurgenidze, Aleksandra"]
[Black "Naumova, Alexandra"]
[Result "0-1"]
[WhiteElo "1399"]
[BlackElo "1800"]
[PlyCount "112"]
[EventDate "2021.02.20"]

1. d4 Nf6 2. c4 c5 3. d5 b5 4. cxb5 a6 5. bxa6 g6 6. Nc3 Bg7 7. e4 Qa5 8. Bd2
d6 9. Nf3 O-O 10. Be2 Bxa6 11. O-O Bxe2 12. Qxe2 Qa6 13. Qd1 Nbd7 14. Re1 Ng4
15. Qc2 Nge5 16. Nxe5 Nxe5 17. b3 Nd3 18. Re3 Nb4 19. Qd1 Bd4 20. Rf3 Rfc8 21.
Rc1 Nd3 22. Rc2 Nb4 23. Rc1 Nxa2 24. Nxa2 Qxa2 25. Bc3 Bxc3 26. Rfxc3 Rcb8 27.
h3 Rb4 28. Qd3 Rd4 29. Qe3 Rd2 30. Rd3 Re2 31. Qf3 Qb2 32. Rf1 Ra2 33. Qf4 f6
34. Rf3 Qe5 35. Qxe5 fxe5 36. Re3 Rxe3 37. fxe3 Rb2 38. Ra1 Rxb3 39. Ra8+ Kf7
40. Rh8 h5 41. Rh7+ Kf6 42. Rh8 Rxe3 43. Rf8+ Kg7 44. Re8 Kf7 45. Rh8 Rxe4 46.
Rh7+ Kf6 47. Rh8 Rd4 48. Rf8+ Kg7 49. Re8 Kf7 50. Rh8 Rxd5 51. Rb8 Rd2 52. Rb3
c4 53. Rf3+ Kg7 54. Kf1 d5 55. g3 d4 56. Ke1 c3 0-1

[Event "Moscow-Open 2021_B"]
[Site "Moscow"]
[Date "2021.02.21"]
[Round "2.36"]
[White "Vasiljeva, Anna"]
[Black "Zagrebina, Marina"]
[Result "1-0"]
[WhiteElo "1797"]
[BlackElo "1382"]
[PlyCount "35"]
[EventDate "2021.02.20"]

1. e4 c5 2. c3 d5 3. exd5 Qxd5 4. d4 Nf6 5. Nf3 Bg4 6. Be2 cxd4 7. cxd4 Nc6 8.
Nc3 Qa5 9. h3 Bh5 10. O-O e6 11. Be3 Be7 12. a3 Nd5 13. b4 Nxc3 14. bxa5 Nxd1
15. Rfxd1 O-O 16. Rab1 Bxa3 17. Rxb7 Nxa5 18. Rb5 1-0

[Event "Moscow-Open 2021_B"]
[Site "Moscow"]
[Date "2021.02.21"]
[Round "2.37"]
[White "Efimova, Darya"]
[Black "Laukhina, Margarita A."]
[Result "0-1"]
[WhiteElo "1364"]
[BlackElo "1761"]
[PlyCount "132"]
[EventDate "2021.02.20"]

1. e4 e6 2. d4 d5 3. Nd2 dxe4 4. Nxe4 Bd7 5. Nf3 Bc6 6. Bd3 Nd7 7. O-O Ngf6 8.
Ng3 Bd6 9. b3 O-O 10. Bb2 Bxf3 11. Qxf3 c6 12. Rfe1 Qc7 13. c4 a5 14. a3 b6 15.
Ne4 Bxh2+ 16. Kh1 Bf4 17. g3 Bh6 18. d5 cxd5 19. Nxf6+ Nxf6 20. Bxf6 gxf6 21.
Qh5 Kg7 22. Kg2 Rh8 23. cxd5 Rad8 24. Qg4+ Bg5 25. Be4 exd5 26. Bf5 h5 27. Qf3
h4 28. Rh1 hxg3 29. Qxg3 Qe5 30. Qg4 d4 31. Rae1 Qf4 32. Qxf4 Bxf4 33. Rxh8
Rxh8 34. Rd1 Rh6 35. Bd3 Bd6 36. a4 f5 37. Bc2 Rh2+ 38. Kf3 Rh4 39. Ke2 Kf6 40.
Rd3 Re4+ 41. Kf1 Ke5 42. Rd1 Rf4 43. Ke2 Bc5 44. Bd3 Rg4 45. Rc1 Kf4 46. Rf1
Rg8 47. Bb5 Rg6 48. Bc4 f6 49. Bb5 Rg7 50. Bc4 Re7+ 51. Kd3 Re5 52. Ba6 Kg4 53.
Rc1 Kf3 54. Rc2 Re1 55. Bb7+ Kf4 56. Ba6 Kg4 57. Bb5 Rb1 58. Bc4 Re1 59. Bb5
Kh3 60. Ba6 f4 61. Bb5 Kg2 62. Rd2 f3 63. Kc2 Ra1 64. Kb2 Re1 65. Bd3 Bb4 66.
Rc2 Bc3+ 0-1

[Event "Moscow-Open 2021_B"]
[Site "Moscow"]
[Date "2021.02.21"]
[Round "2.38"]
[White "Sannikova, Anna"]
[Black "Uzintseva, Daria"]
[Result "1/2-1/2"]
[WhiteElo "1759"]
[BlackElo "1326"]
[PlyCount "96"]
[EventDate "2021.02.20"]

1. d4 Nf6 2. Bf4 d5 3. e3 c5 4. dxc5 Nc6 5. Bb5 Qa5+ 6. Nc3 a6 7. Bxc6+ bxc6 8.
Qd4 g6 9. Nge2 Bg7 10. Be5 O-O 11. O-O Ne8 12. Bxg7 Nxg7 13. b4 Qc7 14. Na4 Bf5
15. Nb6 Rab8 16. c3 Ne8 17. Ng3 Be6 18. Rad1 Nf6 19. a4 a5 20. b5 Bd7 21. Nxd7
Nxd7 22. b6 Qe5 23. f4 Qf6 24. e4 e6 25. f5 Qe7 26. Qd2 Qxc5+ 27. Kh1 Rfe8 28.
f6 Qf8 29. c4 Nxb6 30. cxd5 cxd5 31. Qxa5 Nc4 32. Qc3 Qb4 33. Qxb4 Rxb4 34. Ra1
Ra8 35. Rfb1 Rxb1+ 36. Rxb1 Nd2 37. Ra1 Nxe4 38. Nxe4 dxe4 39. a5 Kf8 40. Kg1
Ke8 41. Kf2 Kd7 42. Ke3 e5 43. a6 Ra7 44. Kxe4 Ke6 45. Ra2 Kd6 46. Ra5 Ke6 47.
Rxe5+ Kxf6 48. Ra5 Ke6 1/2-1/2

[Event "Moscow-Open 2021_B"]
[Site "Moscow"]
[Date "2021.02.22"]
[Round "3.7"]
[White "Afanasieva, Alexandra"]
[Black "Borisova, Ekaterina"]
[Result "0-1"]
[WhiteElo "1997"]
[BlackElo "2256"]
[PlyCount "71"]
[EventDate "2021.02.20"]

1. e4 e5 2. Nf3 Nc6 3. Bb5 Nge7 4. Nc3 Ng6 5. d4 exd4 6. Nxd4 Nxd4 7. Qxd4 c6
8. Be2 Qb6 9. Qxb6 axb6 10. Be3 b5 11. O-O b4 12. Nb1 Be7 13. f4 O-O 14. Nd2 b5
15. Nb3 Re8 16. Bd3 d6 17. Bd2 Bb7 18. Nd4 Bf6 19. c3 bxc3 20. bxc3 b4 21. a3
c5 22. Ne2 bxa3 23. Ng3 Bc6 24. Rfb1 Bh4 25. Rb6 Bxg3 26. hxg3 Bxe4 27. Bxe4
Rxe4 28. Rxd6 h5 29. Ra2 Ne7 30. Kf2 Ra5 31. Be1 g6 32. Rd7 Nf5 33. Rb7 Nd6 34.
Rb3 Nc4 35. Kf3 Re3+ 36. Kf2 0-1

[Event "Moscow-Open 2021_B"]
[Site "Moscow"]
[Date "2021.02.22"]
[Round "3.8"]
[White "Shestakova, Ekaterina"]
[Black "Yakimova, Mariya"]
[Result "0-1"]
[WhiteElo "1959"]
[BlackElo "2232"]
[PlyCount "108"]
[EventDate "2021.02.20"]

1. e4 c5 2. c3 d5 3. exd5 Qxd5 4. d4 Nc6 5. Nf3 Bf5 6. Be3 e6 7. Be2 Nf6 8. O-O
Be7 9. c4 Qd7 10. Nc3 O-O 11. Ne5 Qc7 12. Nxc6 bxc6 13. dxc5 Rab8 14. b3 Rfd8
15. Qc1 Nd7 16. Rd1 Nxc5 17. Bf4 e5 18. Bg5 f6 19. Be3 Rxd1+ 20. Qxd1 Rd8 21.
Qe1 Qa5 22. Na4 Qxe1+ 23. Rxe1 Nxa4 24. bxa4 Bb4 25. Rd1 Rxd1+ 26. Bxd1 c5 27.
g3 Bd3 28. Bb3 Kf7 29. Kg2 Ke6 30. Kf3 e4+ 31. Kg2 Be2 32. Bf4 g5 33. Bb8 a6
34. Bc7 f5 35. Bd8 h6 36. h4 Bd2 37. hxg5 hxg5 38. Kg1 Bd3 39. a5 e3 40. fxe3
Bxe3+ 41. Kg2 Be2 42. Kh3 g4+ 43. Kg2 f4 44. gxf4 Bxf4 45. Kf2 Bd3 46. Bh4 Ke5
47. Kg2 Kd4 48. Bf2+ Be3 49. Bxe3+ Kxe3 50. Kg3 Be2 51. Ba4 Kd4 52. Bd7 Kxc4
53. a4 Kb4 54. Kf2 Bf3 0-1

[Event "Moscow-Open 2021_B"]
[Site "Moscow"]
[Date "2021.02.22"]
[Round "3.9"]
[White "Shafigullina, Zarina"]
[Black "Tarasenka, Aliaksandra"]
[Result "1-0"]
[WhiteElo "2311"]
[BlackElo "1995"]
[PlyCount "75"]
[EventDate "2021.02.20"]

1. d4 Nf6 2. c4 e6 3. Nf3 d5 4. g3 Be7 5. Bg2 O-O 6. O-O dxc4 7. Qc2 b5 8. a4
b4 9. Ne5 Nd5 10. Nxc4 c5 11. dxc5 Bxc5 12. Rd1 Nd7 13. e4 N5f6 14. Be3 Qc7 15.
Nbd2 Ba6 16. Rac1 Rac8 17. Qb3 Ng4 18. Bxc5 Qxc5 19. Ne3 Qxc1 20. Rxc1 Rxc1+
21. Ndf1 Nxe3 22. Qxe3 Rfc8 23. Qxa7 Nc5 24. Qb6 b3 25. f4 Bd3 26. a5 h6 27. f5
exf5 28. exf5 Re8 29. f6 Ree1 30. Qd8+ Kh7 31. Qf8 Ne6 32. fxg7 Nxg7 33. Qxf7
Bc4 34. Qf4 Kg8 35. a6 Bxa6 36. Bd5+ Ne6 37. Bxe6+ Rxe6 38. Qxc1 1-0

[Event "Moscow-Open 2021_B"]
[Site "Moscow"]
[Date "2021.02.22"]
[Round "3.10"]
[White "Akulova, Taisiya"]
[Black "Grigorieva, Yulia"]
[Result "0-1"]
[WhiteElo "1833"]
[BlackElo "2273"]
[PlyCount "106"]
[EventDate "2021.02.20"]

1. e4 Nc6 2. Nf3 d5 3. exd5 Qxd5 4. Nc3 Qd6 5. Be2 Nf6 6. d4 a6 7. Be3 Bg4 8.
Qd2 e6 9. Rd1 Rd8 10. Bf4 Qd7 11. Ne5 Nxe5 12. dxe5 Bxe2 13. Qxe2 Nd5 14. Bg5
Be7 15. Qg4 Bxg5 16. Qxg5 O-O 17. O-O Qe7 18. Qxe7 Nxe7 19. Ne4 Ng6 20. f4 Rxd1
21. Rxd1 Nxf4 22. Nc5 Ng6 23. Nxb7 Nxe5 24. Nc5 a5 25. Nb7 Nc6 26. Nc5 Rd8 27.
Rxd8+ Nxd8 28. c3 Kf8 29. b4 axb4 30. cxb4 Ke7 31. a4 Nc6 32. Na6 Kd6 33. Kf2
f5 34. Ke3 e5 35. Kd3 e4+ 36. Kc3 f4 37. Nc5 e3 38. Nd3 g5 39. b5 Na7 40. Kd4
e2 41. Ke4 c5 42. Kf3 c4 43. Ne1 Kc5 44. Kxe2 Kb4 45. b6 Nc6 46. Nf3 g4 47. Nd2
c3 48. Ne4 Kb3 49. b7 c2 50. Nc5+ Kc3 51. Nd3 f3+ 52. gxf3 gxf3+ 53. Ke3 f2 0-1

[Event "Moscow-Open 2021_B"]
[Site "Moscow"]
[Date "2021.02.22"]
[Round "3.11"]
[White "Getman, Tatyana"]
[Black "Kochukova, Anna"]
[Result "1-0"]
[WhiteElo "2271"]
[BlackElo "2091"]
[PlyCount "73"]
[EventDate "2021.02.20"]

1. d4 d5 2. c4 dxc4 3. e4 Nf6 4. e5 Nd5 5. Bxc4 Nc6 6. Nc3 Be6 7. Bb5 Nxc3 8.
bxc3 Qd5 9. Bf1 f6 10. f4 g5 11. Nf3 gxf4 12. exf6 O-O-O 13. Bd3 exf6 14. Bxf4
Qa5 15. O-O Qxc3 16. Rc1 Qa5 17. Rxc6 bxc6 18. Qc2 c5 19. d5 c4 20. Bxc4 Bxd5
21. Ba6+ Bb7 22. Bxb7+ Kxb7 23. Rb1+ Kc8 24. Rb5 Rd1+ 25. Kf2 Rf1+ 26. Kg3
Rxf3+ 27. gxf3 Qe1+ 28. Kg2 Rg8+ 29. Bg3 Rg7 30. Qf5+ Kd8 31. Rb8+ Ke7 32. Qc5+
Ke6 33. Rxf8 Qd2+ 34. Kf1 Qh6 35. Bh4 Rg5 36. Qc6+ Ke7 37. Re8+ 1-0

[Event "Moscow-Open 2021_B"]
[Site "Moscow"]
[Date "2021.02.22"]
[Round "3.12"]
[White "Goltseva, Ekaterina"]
[Black "Zaitseva, Lyudmila"]
[Result "1/2-1/2"]
[WhiteElo "2295"]
[BlackElo "1852"]
[PlyCount "80"]
[EventDate "2021.02.20"]

1. d4 Nf6 2. c4 g6 3. Nc3 Bg7 4. e4 O-O 5. Nf3 d6 6. h3 e5 7. d5 a5 8. Be3 Na6
9. g4 Nd7 10. a3 Nb6 11. Rg1 Bd7 12. Nd2 Nc5 13. Nb3 Nba4 14. Nxc5 Nxc5 15. Bd3
Qh4 16. Rg3 f5 17. gxf5 gxf5 18. Bg5 Nxd3+ 19. Qxd3 Qh5 20. Qe2 Qxe2+ 21. Kxe2
Kh8 22. Rag1 Rf7 23. exf5 Bxf5 24. f3 Raf8 25. Be3 h6 26. Ne4 b6 27. h4 Kh7 28.
b3 Bh8 29. R1g2 Rg7 30. Rxg7+ Bxg7 31. Bd2 Bg6 32. Rg3 Bh5 33. Kf2 Bf6 34.
Nxf6+ Rxf6 35. b4 axb4 36. axb4 Bf7 37. b5 Bg6 38. Ke2 Bh5 39. Kf2 Bg6 40. Ke2
Bh5 1/2-1/2

[Event "Moscow-Open 2021_B"]
[Site "Moscow"]
[Date "2021.02.22"]
[Round "3.13"]
[White "Zherebtsova, Alexandra"]
[Black "Ivanova, Anastasia S."]
[Result "0-1"]
[WhiteElo "2225"]
[BlackElo "1830"]
[PlyCount "56"]
[EventDate "2021.02.20"]

1. d4 Nf6 2. c4 g6 3. Nc3 Bg7 4. e4 d6 5. Be2 O-O 6. Be3 c5 7. d5 e6 8. Nf3
exd5 9. cxd5 Bg4 10. Nd2 Bxe2 11. Qxe2 Re8 12. O-O Na6 13. Rab1 Nc7 14. b4 Nd7
15. Rfc1 b6 16. a4 cxb4 17. Rxb4 Nc5 18. Qc4 Qd7 19. Rbb1 Rac8 20. a5 Na8 21.
Qb5 Qe7 22. axb6 Nxb6 23. Nb3 Nca4 24. Na2 Nc3 25. Qa6 Nxa2 26. Rxc8 Nb4 27.
Rxe8+ Qxe8 28. Qxa7 Na4 0-1

[Event "Moscow-Open 2021_B"]
[Site "Moscow"]
[Date "2021.02.22"]
[Round "3.14"]
[White "Voskresenskaya, Marta"]
[Black "Zeliantsova, Kseniya"]
[Result "0-1"]
[WhiteElo "1853"]
[BlackElo "2166"]
[PlyCount "58"]
[EventDate "2021.02.20"]

1. d4 Nf6 2. c4 g6 3. Nf3 Bg7 4. Nc3 O-O 5. e4 d6 6. Bd3 c5 7. d5 e6 8. O-O Na6
9. h3 Nc7 10. a4 b6 11. Be3 e5 12. Qd2 Nh5 13. g4 f5 14. Bg5 Nf6 15. exf5 gxf5
16. gxf5 Qe8 17. Bh6 e4 18. Qg5 Rf7 19. Rae1 Bxf5 20. Qxf5 Bxh6 21. Nxe4 Nxe4
22. Qxe4 Qd7 23. Qh4 Rxf3 24. Re7 Qxh3 25. Bxh7+ Kh8 26. Qxh3 Rxh3 27. Rxc7 Bf4
28. Bg6 Rg8 29. Kg2 Rh4 0-1

[Event "Moscow-Open 2021_B"]
[Site "Moscow"]
[Date "2021.02.22"]
[Round "3.15"]
[White "Baiburina, Kamilla"]
[Black "Alekseeva, Irina"]
[Result "1/2-1/2"]
[WhiteElo "1829"]
[BlackElo "2113"]
[PlyCount "94"]
[EventDate "2021.02.20"]

1. c4 Nf6 2. g3 c5 3. Bg2 d5 4. cxd5 Nxd5 5. Nc3 Nc7 6. Nf3 Nc6 7. O-O e5 8. d3
Be7 9. Nd2 O-O 10. Nc4 f6 11. f4 exf4 12. Bxf4 Be6 13. Qb3 Rb8 14. Bxc7 Qxc7
15. Bd5 Bxd5 16. Nxd5 Qd8 17. Nxe7+ Qxe7 18. Ne5+ Kh8 19. Nxc6 bxc6 20. Qc2
Qe3+ 21. Kg2 Rfe8 22. Rae1 Qd4 23. b3 a5 24. Rf5 Re5 25. Rxe5 Qxe5 26. Qc4 Qb2
27. Qa4 Qd2 28. Qf4 Qb4 29. Rc1 Re8 30. Qxb4 axb4 31. Kf3 Re5 32. a4 bxa3 33.
Ra1 g5 34. Rxa3 g4+ 35. Kf2 Rh5 36. Kg2 Re5 37. e4 f5 38. Ra4 fxe4 39. dxe4 Kg7
40. Kf2 Rh5 41. Kg2 Re5 42. Rc4 Kf6 43. Kf2 Rh5 44. Ke3 Rxh2 45. Rxc5 Rb2 46.
Rc3 h5 47. Kf4 Rf2+ 1/2-1/2

[Event "Moscow-Open 2021_B"]
[Site "Moscow"]
[Date "2021.02.22"]
[Round "3.16"]
[White "Naumova, Alexandra"]
[Black "Yurasova, Daria"]
[Result "0-1"]
[WhiteElo "1800"]
[BlackElo "2110"]
[PlyCount "150"]
[EventDate "2021.02.20"]

1. d4 Nf6 2. Nf3 g6 3. Bg5 Bg7 4. c3 d6 5. Nbd2 Bf5 6. e3 O-O 7. Be2 Nbd7 8.
O-O c5 9. Re1 Rc8 10. Nf1 h6 11. Bh4 Ne4 12. Ng3 Nxg3 13. Bxg3 Nf6 14. Bd3 Ne4
15. Qc2 d5 16. dxc5 Nxg3 17. hxg3 Bxd3 18. Qxd3 Rxc5 19. Nd4 e6 20. Nb3 Rc4 21.
Rad1 Qc7 22. e4 Rd8 23. exd5 Rxd5 24. Qe3 Rxd1 25. Rxd1 b5 26. a3 a6 27. Qd3
Qe5 28. Qd8+ Kh7 29. Qd6 Qf5 30. Qd3 Re4 31. Qf3 Qxf3 32. gxf3 Re2 33. Nd2 Re5
34. Ne4 f5 35. Nd2 Rd5 36. Kf1 g5 37. g4 Bf8 38. Ke2 Bc5 39. Rf1 Kg6 40. b4 Ba7
41. c4 bxc4 42. Nxc4 Rd4 43. Ne3 f4 44. Nc2 Rc4 45. Kd3 Rc6 46. a4 h5 47. gxh5+
Kxh5 48. b5 Rd6+ 49. Kc3 axb5 50. axb5 Rd5 51. Rb1 Bb6 52. Na3 Bd4+ 53. Kc4
Bxf2 54. b6 Rd8 55. b7 Ba7 56. Nb5 Bb8 57. Nd4 Re8 58. Rb6 e5 59. Nf5 Rh8 60.
Ng7+ Kh4 61. Kd5 g4 62. Nf5+ Kg5 63. fxg4 f3 64. Ne3 Ba7 65. Ra6 Bb8 66. Ke4 f2
67. Rc6 Rh7 68. Kf3 Rf7+ 69. Ke2 Ba7 70. Nf1 Rxb7 71. Rc4 Rb2+ 72. Kf3 Rb3+ 73.
Kg2 Bd4 74. Nd2 Rd3 75. Ne4+ Kf4 0-1

[Event "Moscow-Open 2021_B"]
[Site "Moscow"]
[Date "2021.02.22"]
[Round "3.17"]
[White "Loskutova, Viktoriya"]
[Black "Bubeeva, Larisa"]
[Result "1-0"]
[WhiteElo "2096"]
[BlackElo "1810"]
[PlyCount "119"]
[EventDate "2021.02.20"]

1. e4 g6 2. d4 Bg7 3. Nc3 d6 4. f4 a6 5. Bd3 c5 6. dxc5 dxc5 7. e5 Nh6 8. Be3
Qa5 9. Qd2 O-O 10. Ne4 Qxd2+ 11. Nxd2 b6 12. Ngf3 Be6 13. h3 f6 14. Bc4 Bxc4
15. Nxc4 fxe5 16. fxe5 Nf5 17. Bf2 b5 18. Nb6 Ra7 19. Bxc5 Rc7 20. b4 Nc6 21.
O-O-O Nxe5 22. Nxe5 Bxe5 23. Nd5 Rb7 24. Rhe1 Bd6 25. Bxd6 exd6 26. Re6 Kf7 27.
Rde1 Rc8 28. c3 h5 29. Rf6+ Kg7 30. Ree6 Rf7 31. Rxg6+ Kf8 32. Rgf6 Nd4 33.
Rxf7+ Kxf7 34. Rxd6 Nc6 35. Rh6 a5 36. a3 axb4 37. axb4 Nxb4 38. Nxb4 Rxc3+ 39.
Kd2 Rg3 40. Rxh5 Rxg2+ 41. Ke3 Rb2 42. Rh4 Kg6 43. Nd3 Rb3 44. Rb4 Ra3 45. Rxb5
Kh6 46. Rd5 Ra1 47. Kf3 Rg1 48. Nf4 Kh7 49. Rd6 Rg8 50. Nh5 Rg1 51. Ng3 Ra1 52.
Kf4 Ra4+ 53. Kg5 Ra3 54. Rh6+ Kg8 55. Nf5 Ra1 56. h4 Ra2 57. Rc6 Rg2+ 58. Kh6
Rf2 59. Rf6 Rxf5 60. Rxf5 1-0